000 004680000a22001330004500
090 _aAR
_b04123
245 1 0 _aPhylogeny of the families of Scarabaeoidea (Coleptera) based on characters of the hindwing articulation, hindwing base and wing venation
500 _a<Literatura de escarabajos coprófagos>
041 0 _aInglés
700 1 _aScholtz, C.H.
_998034
100 1 _aBrowne, D. J.
_998035
942 _cARTICULO
773 1 _tSystemac Entomology
_h20
_q145-173
_d1995
999 _c13221
_d13221